Statistics for All Teams ever in the Heineken Cup

Click here to take the quiz!

General Stats

  • This quiz has been taken 25 times
  • The average score is 22 of 68

Answer Stats

CountryClub% Correct
Toulouse
83%
London Irish
78%
Toulon
78%
Leicester Tigers
72%
Connacht
61%
Leinster
61%
London Wasps
61%
Montpellier
61%
IrelandMunster
61%
EnglandSaracens
61%
Ulster
61%
Bath
56%
FranceBordeaux
56%
Racing 92
56%
ItalyBenetton Treviso
50%
Cardiff
50%
Exeter Chiefs
50%
Gloucester
50%
Perpignan
50%
Stade Francais
50%
Zebre
50%
Begles-Bordeaux
44%
Glasgow Warriors
44%
Neath-Swansea Ospreys
44%
Newcastle Falcons
44%
Newport
44%
Newport Gwent Dragons
44%
Northampton Saints
44%
Biarritz
39%
Bristol Bears
39%
Llanelli Scarlets
39%
Lyon
39%
Brive
33%
La Rochelle
33%
Sale Sharks
33%
WalesSwansea
33%
Castres
28%
Clermont Auvergne
28%
Neath
28%
Pontypridd
28%
Colomiers
22%
Llanelli
22%
Pau
22%
Agen
17%
Aironi
17%
Cardiff Blues
17%
Celtic Warriors
11%
Dax
11%
L'Aquila
11%
Leeds Carnegie
11%
Bordeaux Begles
6%
Bourgoin
6%
Bridgend
6%
ScotlandCaledonia
6%
Calvisano
6%
Grenoble
6%
Harlquins
6%
Parma
6%
Roma
6%
Viadana
6%
Borders Reivers
0%
Ebbow Vale
0%
Ediburgh
0%
RomaniaFarul Constanta
0%
Montauben
0%
Montferrand
0%
Petrarca
0%
Rugby Milano
0%

Score Distribution

Percentile by Number Answered

Percent of People with Each Score

Your Score History

You have not taken this quiz